| 000 | 00510nam a2200181Ia 4500 | ||
|---|---|---|---|
| 008 | 191130s2011##################000#0#eng## | ||
| 020 | _a9780077327958 | ||
| 040 |
_aACL _cACL |
||
| 082 | _a650.01513 SLA | ||
| 100 | _aSlater, Jeffrey | ||
| 245 |
_aElectronic calculator guide for practical business math procedures _cJeffrey Slater |
||
| 250 | _a10th ed | ||
| 260 |
_aNew York _bMcGraw-Hill _c2011 |
||
| 300 | _a110p | ||
| 990 | _acb4d9fbbac10000c41b08ab2a44be04a | ||
| 991 | _a362159 | ||
| 999 |
_c158449 _d158449 |
||